| 000 | 00539nam a2200193Ia 4500 | ||
|---|---|---|---|
| 005 | 20250326145002.0 | ||
| 008 | 250326s9999 xx 000 0 und d | ||
| 020 | _a0-8039-4318-0 | ||
| 037 | _aTextbook | ||
| 040 |
_aFMSL _beng _cFMSL |
||
| 041 |
_aeng _2eng |
||
| 084 |
_aX3.1 N6 _qFMSL |
||
| 100 |
_aMowlana H _9750428 |
||
| 245 | 0 |
_aGlobal communication in transition:end of diversity? _cMowlana H |
|
| 260 |
_aNew Delhi _bNew Delhi, Sage _c1996 |
||
| 300 | _a233p | ||
| 942 |
_cTB _hX3.1 N6 |
||
| 999 |
_c1305924 _d1305924 |
||